00486nam a2200157Ia 4500008004100000020001800041082001600059100003500075245005300110250000800163260004400171300002300215500001900238600002100257650005000278240925s9999 xx 000 0 und d a9788126559718 a005.438 COO aCooper, Alan ; Reimann, Robert 0aAbout Face: The Essentials of Interaction Design a4th aNew Delhi:bJohn Wiley and Sonsc,2016. a471p.b0fOriginal aIncludes Index aComputer Science aComputer science, information & general works